000 00504nam a22001932 4500
001 0000003932
005 20170406115430.0
008 140728s xx 000 0 eng d
020 _c$
040 _aYour Holding Symbol
_cYour Holding Symbol
100 1 _aBate Jackson,W.
245 1 0 _aJohn keats.
250 _a ed.
260 _aMassachusetts :
_bThe belkna press,
_c1978.
300 _a732 p. ;
_c cm.
504 _aindex.
650 0 _aenglish literature.
908 _a140728
999 _c3782
_d3782